| 000 | 00752nam a2200229Ia 4500 | ||
|---|---|---|---|
| 003 | GCL | ||
| 008 | 140319s9999 xx 000 0 ara d | ||
| 040 |
_aGCL / _cGCL |
||
| 082 | 0 | 4 |
_a361.708694 _bا ا |
| 100 | 1 | _aاحمد محمد موسى | |
| 245 | 1 | 0 |
_aالادماج الاجتماعى للاطفال بلا ماوى / _cاحمد محمد موسى |
| 250 | _aالاولى | ||
| 260 |
_aالقاهرة : _bمكتبة زهراء الشرق ، _c2005 |
||
| 300 |
_a107 ص ؛ _c24 سم |
||
| 650 | 0 | 4 | _aالفقراء |
| 650 | 0 | 4 | _aالتسول |
| 650 | 0 | 4 | _aالارشاد الاجتماعى |
| 650 | 0 | 4 | _aالاطفال المتشردون |
| 650 | 0 | 4 | _aالاطفال - رعاية |
| 650 | 0 | 4 | _aاطفال الشوارع |
| 942 |
_2ddc _cBK |
||
| 999 |
_c8218 _d8218 |
||